Marketing

Đã lưu trong:
书目详细资料
主要作者: Trần, Minh Đạo
格式: 图书
语言:Undetermined
出版: Hà Nội Thống Kê 2003
主题:
标签: 添加标签
没有标签, 成为第一个标记此记录!
Thư viện lưu trữ: Trung tâm Học liệu Trường Đại học Cần Thơ
LEADER 00502nam a2200193Ia 4500
001 CTU_91033
008 210402s9999 xx 000 0 und d
020 |c 20000 
082 |a 658.83 
082 |b Đ108 
100 |a Trần, Minh Đạo 
245 0 |a Marketing 
245 0 |c Trần Minh Đạo 
260 |a Hà Nội 
260 |b Thống Kê 
260 |c 2003 
650 |a Managerial economics,Marketing 
904 |i Năm 
980 |a Trung tâm Học liệu Trường Đại học Cần Thơ